De passagem pelo Brasil e Portugal em 1756
Guardat en:
| Autor principal: | |
|---|---|
| Format: | Llibre |
| Idioma: | portuguès |
| Publicat: |
Lisboa
Casa Portuguesa
1955
|
| Matèries: | |
| Etiquetes: |
Afegir etiqueta
Sense etiquetes, Sigues el primer a etiquetar aquest registre!
|
MARC
| LEADER | 00000nam a2200000 a 4500 | ||
|---|---|---|---|
| 001 | UCO3077 | ||
| 003 | CL-VaPUC | ||
| 008 | 000714e19550000PO |||||||||||||||||por|d | ||
| 082 | 0 | 4 | |a 918.81 |b BRE |2 21 |
| 100 | 0 | |a Brelin, Johan |e author |9 446923 | |
| 245 | 1 | 0 | |a De passagem pelo Brasil e Portugal em 1756 |
| 300 | |a 140 p | ||
| 942 | |c BK | ||
| 945 | |d 20000714 00:00:00 |a rherrera | ||
| 260 | |a Lisboa |b Casa Portuguesa |c 1955 | ||
| 650 | 0 | |a Viajes y descripciones |9 363745 | |
| 650 | 0 | |a Relatos personales |9 255122 | |
| 650 | 7 | |a HISTORIA DE BRASIL SIGLO 18 |2 CL-VaPUC |9 446924 | |
| 650 | 7 | |a HISTORIA DE PORTUGAL SIGLO 18 |2 CL-VaPUC |9 445172 | |
| 651 | 0 | |a América del Sur |9 260128 | |
| 651 | 0 | |a Brasil |9 267393 | |
| 651 | 7 | |a PORTUGAL |2 CL-VaPUC |9 255007 | |
| 583 | |a last modification |c 20160826 12:41:54 |k Rodrigo Vera | ||
| 999 | |c 289549 |d 289547 | ||
| 952 | |0 0 |1 0 |4 0 |6 918_810000000000000_BRE_1955 |7 0 |8 A |9 338095 |a BIBHIS |b BIBHIS |d 2019-11-20 |i 129900K |o 918.81 BRE 1955 |p 129900K |r 2023-01-25 |w 2019-11-20 |y BK |k HIS | ||